000 00897nam a2200265Ia 4500
001 22002
005 20260320113333.0
008 260320s9999||||xx |||||||||||||| ||und||
020 _a9788418688768
041 _aESP
082 _a616.8522
_bP45
100 _aPérez Bonaventura, Iris,
_eAUT
245 0 _aAnsiedad :
_ba mí también me pasa. Manual práctico para jóvenes y adolescentes
246 _a
_5
_b
250 _aPrimera edición, sexta reimpresión
260 _a[Barcelona] :
_bB de Block,
_c2025
300 _a255 páginas :
_bilustraciones ;
_c22 cm.
_e
440 _a
_n
_v
650 _aTCA
653 _aAnsiedad; Ansiedad en niños
654 _aCPS
700 _a
_c
856 _uhttps://0u20vmuvj-y-https-ebookcentral-proquest-com.itmsp.museknowledge.com/lib/catolicasp/home.action
_zVéase además: Base de datos ProQuest Ebook Central
942 _cLIB
_dJUS
_fMAT
_2ddc
_n
999 _c22002
_d22002